Statystyki dla WYMIEŃ ZNANE POLSKIE BANKI:

Kliknij tutaj aby rozwiązać quiz!

Ogólne statystyki

  • Ten quiz został rozwiązany 109 razy
  • Średni wynik to 3 z 6

Statystyki odpowiedzi

Odpowiedź% Poprawnych
PKO
90%
MILLENNIUM
49%
MBANK
47%
ALIOR BANK
37%
ING BANK ŚLĄSKI
23%
BGZ
9%

Rozkład punktacji

Percentyl według liczby udzielonych odpowiedzi

Procent ludzi z każdym wynikiem

Twoja historia wyników

Nie rozwiązałeś tego quizu